000 00347nam a22001571a 4500
082 _aS 294.592 5
_bVIS
245 _aVishnudharmottarapuranam
260 _aDelhi:
_bNag,
_c1998.
300 _a
650 _aVisnudharmottarapurana
650 _aPurana
650 _aVedic Literature
650 _aHinduism
650 _aReligion
942 _cBK
999 _c50092
_d50092